Analysis of arbitrary shape linear microstrip antennas : (رقم التسجيلة. 178218)

تفاصيل مارك
000 -LEADER
fixed length control field 01674namaa22003251i 4500
005 - أخر تعامل مع التسجيلة
control field 20260228132054.0
008 - FIXED-LENGTH DATA ELEMENTS--GENERAL INFORMATION
fixed length control field 260207s1996 ua a|||fr|m|| 000 0 eng d
040 ## - CATALOGING SOURCE
Original cataloguing agency EG-GICUC
Language of cataloging eng
Transcribing agency EG-GICUC
Modifying agency EG-GICUC
Description conventions rda
041 0# - LANGUAGE CODE
Language code of text/sound track or separate title eng
Language code of summary or abstract eng
-- ara
049 ## - Acquisition Source
Acquisition Source Deposit
097 ## - Degree
Degree M.Sc
099 ## - LOCAL FREE-TEXT CALL NUMBER (OCLC)
Local Call Number Cai01.13.07.M.Sc.1996.Ah.A
100 0# - MAIN ENTRY--PERSONAL NAME
Authority record control number or standard number Ahmed Mohamed Attiya ,
Preparation preparation.
245 10 - TITLE STATEMENT
Title Analysis of arbitrary shape linear microstrip antennas :
Remainder of title single element finite phase array, and infinite phase array structures /
Statement of responsibility, etc. By Ahmed Mohamed Attiya ; Supervised Prof. Dr. Mostafa Nour El- Deen Ismail Fahmy, Prof. Dr. Mostafa El- Said Mostafa, Prof. Dr. El- Hilaly M.A Eid.
246 15 - VARYING FORM OF TITLE
Title proper/short title تحليل الهوائيات الشريطية ذات اشكال خطية مطلقة الاختيار :
Remainder of title عنصر وحيد ومصفوفة محدودة متدرجة الطور ومصفوفة لا نهايية متدرجة الطور
264 #0 - PRODUCTION, PUBLICATION, DISTRIBUTION, MANUFACTURE, AND COPYRIGHT NOTICE
Date of production, publication, distribution, manufacture, or copyright notice 1996
300 ## - PHYSICAL DESCRIPTION
Extent 304 pages :
Other physical details illustrations ;
Dimensions 25 cm. +
336 ## - CONTENT TYPE
Source rda content
Content type term text
337 ## - MEDIA TYPE
Source rdamedia
Media type term Unmediated
338 ## - CARRIER TYPE
Source rdacarrier
Carrier type term volume
502 ## - DISSERTATION NOTE
Dissertation note Thesis (M.Sc.)-Cairo University, 1996
504 ## - BIBLIOGRAPHY, ETC. NOTE
Bibliography, etc. note Bibliography: pages 297-304.
653 #0 - INDEX TERM--UNCONTROLLED
Uncontrolled term Strip antennas
700 0# - ADDED ENTRY--PERSONAL NAME
Personal name Mostafa Nour El- Deen Ismail Fahmy
Relator term thesis advisor.
700 0# - ADDED ENTRY--PERSONAL NAME
Personal name Mostafa El- Said Mostafa
Relator term thesis advisor.
700 0# - ADDED ENTRY--PERSONAL NAME
Personal name El- Hilaly M.A Eid
Relator term thesis advisor.
900 ## - Thesis Information
Department Department of Electronics and Electrical Communications
Faculties Faculty of Engieering
Universities Cairo University
Grant date 1996
Supervisory body Mostafa Nour El- Deen Ismail Fahmy
-- Mostafa El- Said Mostafa
-- El- Hilaly M.A Eid
905 ## - Cataloger and Reviser Names
Cataloger Name Nagat Ghanem
Reviser Names Nourhan
942 ## - ADDED ENTRY ELEMENTS (KOHA)
Source of classification or shelving scheme Dewey Decimal Classification
Koha item type Thesis
Edition 21
Suppress in OPAC No
المقتنيات
Source of classification or shelving scheme Home library Current library Date acquired Inventory number Full call number Barcode Date last seen Effective from Koha item type
Dewey Decimal Classification المكتبة المركزبة الجديدة - جامعة القاهرة مكتبة المئوية 07.02.2026 27503 Cai01.13.07.M.Sc.1996.Ah.A 01010110027503000 07.02.2026 07.02.2026 Thesis
Cairo University Libraries Portal Implemented & Customized by: Eng. M. Mohamady Contacts: new-lib@cl.cu.edu.eg | cnul@cl.cu.edu.eg
CUCL logo CNUL logo
© All rights reserved — Cairo University Libraries
CUCL logo
Implemented & Customized by: Eng. M. Mohamady Contact: new-lib@cl.cu.edu.eg © All rights reserved — New Central Library
CNUL logo
Implemented & Customized by: Eng. M. Mohamady Contact: cnul@cl.cu.edu.eg © All rights reserved — Cairo National University Library